Gallegan provinces of Spain (Record no. 6494)

MARC details
000 -CABECERA
campo de control de longitud fija 01034nam a2200277 a 4500
001 - NÚMERO DE CONTROL
campo de control BRCA_6811
005 - FECHA Y HORA DE LA ÚLTIMA TRANSACCIÓN
campo de control 20190320205612.0
008 - DATOS DE LONGITUD FIJA--INFORMACIÓN GENERAL
campo de control de longitud fija 041111s1939----nyuab#####---#000-0#eng-#
041 ## - CÓDIGO DE LENGUA
Código de lengua del texto/banda sonora o título independiente eng
044 ## - CÓDIGO DEL PAÍS DE LA ENTIDAD EDITORA/PRODUCTORA
Código MARC del país nyu
050 #4 - SIGNATURA TOPOGRÁFICA DE LA BIBLIOTECA DEL CONGRESO
Número de clasificación DP42
Número de documento/Ítem .A53 1939
100 1# - ENTRADA PRINCIPAL--NOMBRE DE PERSONA
Nombre de persona Anderson, Ruth Matilda
9 (RLIN) 8007
245 10 - MENCIÓN DE TÍTULO
Título Gallegan provinces of Spain
Resto del título Pontevedra and La Coruña
Mención de responsabilidad, etc. by Ruth Matilda Anderson.
260 ## - PUBLICACIÓN, DISTRIBUCIÓN, ETC.
Lugar de publicación, distribución, etc. Nueva York
Nombre del editor, distribuidor, etc. Order of the Trustees
Fecha de publicación, distribución, etc. 1939
300 ## - DESCRIPCIÓN FÍSICA
Extensión xvii, 496 p.
Otras características físicas il. (algunas a color), mapas
Dimensiones 23 cm.
440 #0 - MENCIÓN DE SERIE/PUNTO DE ACCESO ADICIONAL--TÍTULO
Título Hispanic Notes & Monographs: essays, studies, and brief biographies issued by the Hispanic Society of America. Travel series
9 (RLIN) 16985
500 ## - NOTA GENERAL
Nota general Incluye lista de ilustraciones e índice alfabético
500 ## - NOTA GENERAL
Nota general N24
504 ## - NOTA DE BIBLIOGRAFÍA, ETC.
Nota de bibliografía, etc. Bibliografía: p. 484-487
651 #4 - PUNTO DE ACCESO ADICIONAL DE MATERIA--NOMBRE GEOGRÁFICO
Nombre geográfico España
Subdivisión general Descripción y viajes
9 (RLIN) 7912
651 #4 - PUNTO DE ACCESO ADICIONAL DE MATERIA--NOMBRE GEOGRÁFICO
Nombre geográfico Pontevedra (España)
Subdivisión general Descripción
9 (RLIN) 16986
651 #4 - PUNTO DE ACCESO ADICIONAL DE MATERIA--NOMBRE GEOGRÁFICO
Nombre geográfico Coruña (España)
Subdivisión general Descripción
9 (RLIN) 16987
710 2# - PUNTO DE ACCESO ADICIONAL--NOMBRE DE ENTIDAD CORPORATIVA
Nombre de entidad corporativa o nombre de jurisdicción como elemento de entrada Hispanic Society of America
9 (RLIN) 16988
902 ## - CATALOGADOR
Iniciales GFM
942 ## - ELEMENTOS DE PUNTO DE ACCESO ADICIONAL (KOHA)
Fuente del sistema de clasificación o colocación Library of Congress Classification
Tipo de ítem Koha Libros
Holdings
Estado de retiro Estado de pérdida Estado dañado No para préstamo Localización permanente Ubicación/localización actual Fecha de adquisición Número de inventario Total de préstamos Signatura topográfica completa Código de barras Fecha visto por última vez Precio válido a partir de Tipo de ítem Koha
El ejemplar forma parte de la colección y puede ser consultado según las políticas vigentes.       Biblioteca del Museo Franz Mayer (Rogerio Casas-Alatriste) Biblioteca del Museo Franz Mayer (Rogerio Casas-Alatriste) 04/11/2011 N24   DP42 .A53 1939 (N24) 7259 22/03/2019 22/03/2019 Libros